| 000 | 00476nam a22001697a 4500 | ||
|---|---|---|---|
| 005 | 20241127140045.0 | ||
| 008 | 241127b |||||||| |||| 00| 0 eng d | ||
| 022 | _a18738192 | ||
| 040 |
_aKMU _cKMU _dKMU |
||
| 110 | _aTechnical Centre for Agricultural and Rural Cooperation (CTA) | ||
| 245 | _aTrench gardening | ||
| 260 |
_aNetherlands: _bCTA, _c2013 |
||
| 300 |
_aI,6 P.: _bill.; _c7cm |
||
| 490 | _aCTA practical guide series, N0.18 | ||
| 650 | _aGardening | ||
| 942 |
_cSE _n0 |
||
| 999 |
_c1464 _d1464 |
||